logo ou photo de jeux vidéos - Statistiques

Statistiques générales
  • Ce quiz a été pris 349 fois
  • Le résultat moyen est 8 sur 16
Statistiques - réponses
Par images Réponse % Correct
rocket league
98%
valorant
87%
god of war
85%
League of legends
69%
spyro
67%
overcooked
53%
ratchet et clank
53%
overwatch 2
51%
life is strange
44%
tft
44%
lies of p
36%
little big planet
35%
little nightmares 2
24%
knack
13%
dicey dungeon
5%
deceit
4%
Aucun quiz correspondant
Distribution des résultats
% des personnes avec chaque résultat
Percentile par nombre de réponses
Votre historique - résultats
Vous n’avez pas pris ce quiz